MARC

LEADER 00000nam0a2200000 4500
001 325025
005 20231102003725.0
035 |a (RuTPU)RU\TPU\book\350636 
090 |a 325025 
100 |a 20161126d1977 km y0rusy50 ca 
101 0 |a rus 
102 |a RU 
105 |a a z 001zy 
200 1 |a Цивилизация и сердце  |f Г. И. Косицкий  |g Академия наук СССР (АН СССР) 
205 |a 2-е изд., перераб. 
210 |a Москва  |c Наука  |d 1977 
215 |a 183 с.  |c ил. 
225 1 |a Человек и окружающая среда 
320 |a Библиогр.: с. 180-182 
606 1 |a Сердечно-сосудистые болезни  |x Профилактика и борьба  |2 stltpush  |3 (RuTPU)RU\TPU\subj\54662  |9 72773 
610 1 |a сердце 
610 1 |a заболевания 
610 1 |a причины 
610 1 |a цивилизация 
610 1 |a окружающая среда 
610 1 |a факторы 
610 1 |a эмоциональное напряжение 
610 1 |a стресс 
610 1 |a нерациональное питание 
675 |a 616.1  |v 4 
700 1 |a Косицкий  |b Г. И.  |g Григорий Иванович 
712 0 2 |a Академия наук СССР (АН СССР)  |c (Ленинград/Москва)  |c (1925-1991)  |2 stltpush  |3 (RuTPU)RU\TPU\col\722 
801 1 |a RU  |b 63413507  |c 20161126 
801 2 |a RU  |b 63413507  |c 20200713  |g RCR 
942 |c BK